000 00478nam a2200169 i 4500
001 27017
003 ES-MaACL
005 20230906153537.0
007 t|
008 030113s1981 sp ||||1| spa d
100 1 _aAsimov, Isaac.
_923610
245 1 0 _aLuces en el cielo /
_cIsaac Asimov ; [traducción de Arturo Casals].
260 _aBarcelona :
_bAdhasa,
_c[1981]
300 _a284 p. ;
_c19 cm.
700 1 _aCasals, Arturo.
_936068
852 _aES-MaACL
_jL-2903
_bR.103744
999 _c27017
_d27017